Rodičovské dráhy : dvacet let vývoje české porodnosti v sociologické perspektivě / Petr Fučík, Beatrice Chromková Manea (eds.) ; [kolektiv autorů Petr Fučík ... et al.]
Record details
- ISBN: 978-80-210-6551-2
- Physical Description: 187 s. : il., formuláře ; 24 cm
- Edition: 1. vyd.
- Publisher: Brno : Masarykova univerzita, 2014
Content descriptions
| Bibliography, etc. Note: | Obsahuje bibliografie a bibliografické odkazy |
| Language Note: | Anglické resumé |
Search for related items by subject
| Subject: | rodičovství > Česko > 1991-2020 porodnost > Česko > 1991-2020 porodnost > sociologické aspekty rodina > Česko > 1991-2020 parenting > Czechia > 1991-2020 natality > Czechia > 1991-2020 natality > sociological aspects family > Czechia > 1991-2020 |
| Genre: | kolektivní monografie collective monographs |
Available copies
- 1 of 1 copy available at Common Catalog SPOK.
Holds
- 0 current holds with 1 total copy.
Show Only Available Copies
| Location | Call Number / Copy Notes | Barcode | Shelving Location | Status | Due Date |
|---|---|---|---|---|---|
| Jabok Library | Soc-1.8.1 | 424480036503 | Odborná literatura | Available | - |
| LDR | 01998nam a2200541 a 4500 | ||
|---|---|---|---|
| 001 | 19585 | ||
| 003 | CZ-PrJAB | ||
| 005 | 20150519115016.0 | ||
| 007 | ta | ||
| 008 | 150116s2014 xr ak e 000 0 cze | ||
| 015 | . | ‡acnb002658937 | |
| 020 | . | ‡a978-80-210-6551-2 ‡q(brož.) | |
| 035 | . | ‡a(CZ PrNK)nkc20152658937 | |
| 035 | . | ‡a(OCoLC)907524522 | |
| 040 | . | ‡aABA001 ‡bcze ‡dOLA001 | |
| 041 | 0 | . | ‡acze ‡beng |
| 043 | . | ‡ae-xr--- | |
| 045 | . | ‡ax9y1 | |
| 072 | 7. | ‡a316.8 ‡xManželství a rodina. Sexuální vztahy ‡2Konspekt ‡918 | |
| 080 | . | ‡a316.812.1-055.52 ‡2MRF | |
| 080 | . | ‡a314.12 ‡2MRF | |
| 080 | . | ‡a316 ‡2MRF | |
| 080 | . | ‡a316.812 ‡2MRF | |
| 080 | . | ‡a(437.3) ‡2MRF | |
| 080 | . | ‡a(048.8:082) ‡2MRF | |
| 245 | 0 | 0. | ‡aRodičovské dráhy : ‡bdvacet let vývoje české porodnosti v sociologické perspektivě / ‡cPetr Fučík, Beatrice Chromková Manea (eds.) ; [kolektiv autorů Petr Fučík ... et al.] |
| 250 | . | ‡a1. vyd. | |
| 260 | . | ‡aBrno : ‡bMasarykova univerzita, ‡c2014 | |
| 300 | . | ‡a187 s. : ‡bil., formuláře ; ‡c24 cm | |
| 504 | . | ‡aObsahuje bibliografie a bibliografické odkazy | |
| 546 | . | ‡aAnglické resumé | |
| 648 | 4. | ‡a1994-2014 | |
| 648 | 7. | ‡a1991-2020 ‡7ch771949 ‡2czenas | |
| 650 | 0 | 7. | ‡arodičovství ‡7ph138908 ‡zČesko ‡y1991-2020 ‡2czenas |
| 650 | 0 | 7. | ‡aporodnost ‡7ph124366 ‡zČesko ‡y1991-2020 ‡2czenas |
| 650 | 0 | 7. | ‡aporodnost ‡7ph124366 ‡xsociologické aspekty ‡2czenas |
| 650 | 0 | 7. | ‡arodina ‡7ph117260 ‡zČesko ‡y1991-2020 ‡2czenas |
| 650 | 0 | 9. | ‡aparenting ‡zCzechia ‡y1991-2020 ‡2eczenas |
| 650 | 0 | 9. | ‡anatality ‡zCzechia ‡y1991-2020 ‡2eczenas |
| 650 | 0 | 9. | ‡anatality ‡xsociological aspects ‡2eczenas |
| 650 | 0 | 9. | ‡afamily ‡zCzechia ‡y1991-2020 ‡2eczenas |
| 655 | 7. | ‡akolektivní monografie ‡7fd501537 ‡2czenas | |
| 655 | 9. | ‡acollective monographs ‡2eczenas | |
| 700 | 1 | . | ‡aFučík, Petr, ‡d1979- ‡7mzk2008486323 ‡4edt ‡4aut |
| 700 | 1 | . | ‡aChromková Manea, Beatrice Elena, ‡d1973- ‡7pna2012693061 ‡4edt ‡4aut |
| 910 | . | ‡aABG312 | |
| 928 | 1 | . | ‡aMasarykova univerzita |
| 901 | . | ‡a19585 ‡b ‡c19585 ‡tbiblio | |